000 00218 a2200097 4500
020 _a9788430520404
041 _aspa
100 _aCarmen Blazquez Gil
245 _ael pequeǫ elefante y las noches sin luna
942 _cK
999 _c30214
_d30212